Australia by Letter - B - Statistics

General Stats
  • This quiz has been taken 37 times
  • The average score is 6 of 10
Answer Stats
Hint Answer % Correct
Capital of Queensland and Australia's third largest city Brisbane
100%
A curved throwing stick used by Aboriginal and Torres Strait Islander people Boomerang
83%
XXXX, Victoria Bitter, and Carlton Draught are all brands of ... Beer
69%
Four-letter term describing Australia's outback Bush
57%
Animated children's TV show about a family of dogs Bluey
54%
A town in the north of Western Australia with "sweeping" views of the ocean Broome
46%
Coffs Harbour's Famous "Big Thing" Big Banana
40%
Victoria's third largest city, where you can find Sovereign Hill Ballarat
37%
... and its fourth largest, also known for its gold rush history Bendigo
37%
Slang word for an unsophisticated person Bogan
31%
No matching quizzes found
Score Distribution
Percent of People with Each Score
Percentile by Number Answered
Your Score History
You have not taken this quiz